Statistics for Name the Author (Ibero and Latin American Literature)

Click here to take the quiz!

General Stats

  • This quiz has been taken 45 times
  • The average score is 14 of 58

Answer Stats

WorkAuthor% Correct
Don QuixoteMiguel de Cervantes
97%
Love in the Time of CholeraGabriel García Márquez
89%
One Hundred Years of SolitudeGabriel García Márquez
87%
The AlchemistPaulo Coelho
68%
FiccionesJorge Luis Borges
66%
Chronicle of a Death ForetoldGabriel García Márquez
61%
The House of the SpiritsIsabel Allende
61%
Twenty Love Poems a Song of DespairPablo Neruda
58%
HopscotchJulio Cortázar
47%
El AlephJorge Luis Borges
45%
BlindnessJosé Saramago
42%
Os LusíadasLuís de Camões
34%
One Hundred Love SonnetsPablo Neruda
34%
Dona Flor and Her Two HusbandsJorge Amado
29%
Blow-up and Other StoriesJulio Cortázar
29%
The Posthumous Memoirs of Brás CubasMachado de Assis
29%
Life is a DreamPedro Calderón de la Barca
29%
Blood WeddingFederico García Lorca
26%
The Gospel According to Jesus ChristJosé Saramago
24%
Gabriela, Clove and CinnamonJorge Amado
21%
Dom CasmurroMachado de Assis
21%
The Passion According to G.H.Clarice Lispector
18%
City of the BeastsIsabel Allende
18%
El Señor PresidenteMiguel Ángel Asturias
18%
Of Love and Other DemonsGabriel García Márquez
16%
Baltasar and BlimundaJosé Saramago
16%
FuenteovejunaLope de Vega
16%
Conversation in the CathedralMario Vargas Llosa
16%
The Green HouseMario Vargas Llosa
16%
La GalateaMiguel de Cervantes
16%
Desolación (poem)Gabriela Mistral
13%
GuaranyJosé de Alencar
13%
Cousin BazilioJosé Maria de Eça de Queirós
13%
O AlienistaMachado de Assis
13%
The Time of the HeroMario Vargas Llosa
13%
Vidas SecasGraciliano Ramos
11%
Os MaiasJosé Maria de Eça de Queirós
11%
The Crime of Father AmaroJosé Maria de Eça de Queirós
11%
Abel Sánchez: The History of a PassionMiguel de Unamuno
11%
The Trickster of Seville and the Stone GuestTirso de Molina
11%
MensagemFernando Pessoa
8%
El BuscónFrancisco de Quevedo
8%
RimasGustavo Adolfo Bécquer
8%
SagaranaJoão Guimarães Rosa
8%
Grande Sertão: VeredasJoão Guimarães Rosa
8%
The Dog in the MangerLope de Vega
8%
MacunaímaMário de Andrade
8%
Family TiesClarice Lispector
5%
The Keeper of SheepFernando Pessoa
5%
IracemaJosé de Alencar
5%
Soledades (poem)Luis de Góngora
5%
Sonetos de AnteroAntero de Quental
3%
To a NoseFrancisco de Quevedo
3%
A Trilogia das BarcasGil Vicente
3%
La Fábula de Polifemo y Galatea (poem)Luis de Góngora
3%
Eurico, the PresbyterAlexandre Herculano
0%
Livro de MágoasFlorbela Espanca
0%
A Morte de D. Ignez (poem)Manuel Maria Barbosa du Bocage
0%

Score Distribution

Percentile by Number Answered

Percent of People with Each Score

Your Score History

You have not taken this quiz